| 000 | 01050pam a2200289 a 4500 | ||
|---|---|---|---|
| 001 | 1669365 | ||
| 003 | ARRUPE | ||
| 005 | 20140924144424.0 | ||
| 008 | 980115r19981982nyu 000 1 eng | ||
| 010 | _a 98011054 | ||
| 020 | _a0679776702 | ||
| 040 |
_aDLC _cDLC _dDLC |
||
| 050 | 0 | 0 |
_aPR9619.2M34 _bF5 1999 |
| 082 | 0 | 0 |
_a823 _221 |
| 100 | 1 |
_aMalouf, David, _d1934- _911578 |
|
| 245 | 1 | 0 |
_aFly away Peter / _cDavid Malouf. |
| 250 | _a1st Vintage international ed. | ||
| 260 |
_aNew York : _bVintage Books, _c1999. |
||
| 300 |
_a134 p. ; _c21 cm. |
||
| 650 | 0 |
_aWorld War, 1914-1918 _xFiction. _911579 |
|
| 655 | 7 |
_aWar stories. _2gsafd _911580 |
|
| 856 | 4 | 2 |
_3Contributor biographical information _uhttp://www.loc.gov/catdir/bios/random051/98011054.html |
| 856 | 4 | 2 |
_3Publisher description _uhttp://www.loc.gov/catdir/description/random0414/98011054.html |
| 906 |
_a7 _bcbc _corignew _d1 _eocip _f19 _gy-gencatlg |
||
| 942 |
_2lcc _cMONOGRAPH |
||
| 999 |
_c120934 _d120934 |
||